[Event "100th DEN-ch"]
[Site "Svendborg DEN"]
[Date "2021.10.16"]
[Round "1.2"]
[White "Borge, Nikolaj"]
[Black "Rasmussen, Allan Stig"]
[Result "0-1"]
[WhiteElo "2381"]
[BlackElo "2566"]
[EventDate "2021.10.16"]
[PlyCount "48"]

1.e4 c6 2.d4 d5 3.e5 Bf5 4.h4 h5 5.Bd3 Bxd3 6.Qxd3 Qa5+ 7.Nd2 e6 8.Nf3 Nh6
9.O-O Nf5 10.c4 Be7 11.g3 Nd7 12.b3 Rd8 13.a4 dxc4 14.Nxc4 Qd5 15.Rd1 Nc5 
16.Qc3 Ne4 17.Qd3 Nc5 18.Qc3 b5 19.axb5 cxb5 20.Rxa7 b4 21.Qxb4 Qxf3 22.
Qb5+ Kf8 23.Re1 Nxd4 24.Nd2 Nxb5 0-1

[Event "100th DEN-ch"]
[Site "Svendborg DEN"]
[Date "2021.10.16"]
[Round "1.3"]
[White "Schandorff, Lars"]
[Black "Thybo, Jesper Soendergaard"]
[Result "1-0"]
[WhiteElo "2458"]
[BlackElo "2602"]
[EventDate "2021.10.16"]
[PlyCount "155"]

1.d4 Nf6 2.Nf3 e6 3.Bf4 c5 4.e3 Nc6 5.c3 d5 6.Nbd2 Nh5 7.Bg5 f6 8.Bh4 cxd4
9.Nxd4 g6 10.Bb5 Bd7 11.O-O Be7 12.N4b3 Ng7 13.e4 dxe4 14.Nxe4 Nf5 15.Bg3 
Qb6 16.Be2 Rd8 17.Bf4 e5 18.Bd2 O-O 19.Bc4+ Kh8 20.Qe2 Na5 21.Nxa5 Qxa5 
22.Rad1 Bc6 23.Bc1 Rxd1 24.Rxd1 Rd8 25.Rxd8+ Qxd8 26.f3 b5 27.Bb3 h5 28.
Qd2 Qb6+ 29.Qf2 Qc7 30.Qd2 Qb7 31.Ng3 Qb6+ 32.Kf1 Nxg3+ 33.hxg3 Bf8 34.Qd3
f5 35.Bg5 Kg7 36.Qe3 Qxe3 37.Bxe3 a5 38.Bb6 a4 39.Bc2 Kf6 40.Kf2 Bh6 41.b3
Bd2 42.Ba5 g5 43.Ke2 Bc1 44.Bd8+ Kg6 45.Bc7 e4 46.fxe4 fxe4 47.Bb6 Kf5 48.
Bd1 Ba3 49.Kf2 g4 50.Be2 Bd6 51.c4 b4 52.Bd4 a3 53.Bd1 Be7 54.Be3 Bf6 55.
Bc2 Bc3 56.Bd1 Bd7 57.Bc2 Be6 58.Bd1 Ke5 59.Ke2 Bf7 60.Bf4+ Kf5 61.Be3 Bg6
62.Bc2 Be5 63.Kf2 h4 64.gxh4 g3+ 65.Kf1 Kg4 66.Bg5 Bd6 67.Bd1+ Kf5 68.Be3 
Bf4 69.Bxf4 Kxf4 70.h5 Bf5 71.h6 e3 72.c5 Ke5 73.c6 Kd6 74.Ke2 Kxc6 75.
Kxe3 Kd6 76.Kf4 Bh7 77.Bf3 Kc5 78.Ke5 1-0

[Event "100th DEN-ch"]
[Site "Svendborg DEN"]
[Date "2021.10.17"]
[Round "2.2"]
[White "Hansen, Sune Berg"]
[Black "Borge, Nikolaj"]
[Result "1/2-1/2"]
[WhiteElo "2528"]
[BlackElo "2381"]
[EventDate "2021.10.16"]
[PlyCount "122"]

1.d4 d5 2.Nf3 Nf6 3.c4 dxc4 4.Qa4+ Nbd7 5.Nc3 a6 6.e4 b5 7.Nxb5 Bb7 8.Nc3 
Nxe4 9.Bxc4 Nxc3 10.Qb3 Bd5 11.Qxc3 Bxc4 12.Qxc4 e6 13.O-O Nb6 14.Qc2 Be7 
15.Bf4 Bd6 16.Be5 O-O 17.Rac1 Nd5 18.Qe4 Rb8 19.b3 Nb4 20.Qe2 a5 21.Rc4 
Nd5 22.Rfc1 Ra8 23.Qe4 Qe7 24.Qg4 f5 25.Qg3 Ra7 26.h4 h6 27.Re1 Bb4 28.Re2
Nc3 29.Rc2 Ne4 30.Qg6 Bd6 31.Bxd6 cxd6 32.Rc8 Nf6 33.d5 exd5 34.Rxf8+ Qxf8
35.Qxf5 Ra8 36.Rc7 Qe8 37.g3 Qe4 38.Qxe4 dxe4 39.Nd4 a4 40.b4 Nd5 41.Rb7 
Nc3 42.a3 Nb1 43.Nb5 Rd8 44.Ra7 d5 45.Nd4 Nxa3 46.Rxa4 Nc4 47.Ra7 Rb8 48.
Nf5 Rxb4 49.Rxg7+ Kf8 50.Rd7 Rb1+ 51.Kg2 Rd1 52.h5 Rd2 53.Kf1 Ne5 54.Rd6 
Ng4 55.Nxh6 Nxf2 56.Rf6+ Kg7 57.Rxf2 Rxf2+ 58.Kxf2 Kxh6 59.g4 d4 60.Ke1 
Kg5 61.Ke2 Kh6 1/2-1/2

[Event "100th DEN-ch"]
[Site "Svendborg DEN"]
[Date "2021.10.17"]
[Round "2.3"]
[White "Chatalbashev, Boris"]
[Black "Schandorff, Lars"]
[Result "0-1"]
[WhiteElo "2536"]
[BlackElo "2458"]
[EventDate "2021.10.16"]
[PlyCount "102"]

1.d4 Nf6 2.c4 e6 3.Nc3 Bb4 4.Nf3 d5 5.g3 O-O 6.Bg2 dxc4 7.O-O Nc6 8.a3 Be7
9.e4 a6 10.Be3 b5 11.Qe2 Bb7 12.Rad1 Na5 13.d5 exd5 14.Nh4 Bd6 15.Nf5 Re8 
16.exd5 Bc8 17.Nd4 Bg4 18.f3 Bd7 19.Qf2 h6 20.Rfe1 Re7 21.g4 Qf8 22.g5 
hxg5 23.Bxg5 Rxe1+ 24.Rxe1 Nh7 25.Be3 Nb7 26.Ne4 Nc5 27.Qh4 Nd3 28.Rb1 Re8
29.Bh3 Qe7 30.Qxe7 Rxe7 31.Bxd7 Rxd7 32.b3 cxb3 33.Rxb3 Nc5 34.Rc3 Nxe4 
35.fxe4 Nf6 36.Rc6 Nxe4 37.Rxa6 Bc5 38.Ra5 Bxd4 39.Bxd4 Rxd5 40.Be3 Rd3 
41.Bf4 c5 42.Rxb5 Rxa3 43.Kg2 g5 44.Bc1 Rc3 45.Bb2 Rd3 46.Kf1 f5 47.Rb7 f4
48.Re7 Rf3+ 49.Kg1 Re3 50.Bc1 Re2 51.Kf1 Ng3+ 0-1

[Event "100th DEN-ch"]
[Site "Svendborg DEN"]
[Date "2021.10.17"]
[Round "2.4"]
[White "Thybo, Jesper Soendergaard"]
[Black "Rewitz, Poul"]
[Result "1-0"]
[WhiteElo "2602"]
[BlackElo "2264"]
[EventDate "2021.10.16"]
[PlyCount "63"]

1.d4 f5 2.g3 Nf6 3.Bg2 g6 4.Nf3 Bg7 5.O-O O-O 6.c4 d6 7.Nc3 c6 8.Rb1 a5 9.
Qb3 Kh8 10.Na4 Ra7 11.Rd1 Ne4 12.d5 cxd5 13.cxd5 b5 14.Qxb5 Rb7 15.Qd3 Rb4
16.b3 Ba6 17.Qe3 Nd7 18.Nd4 Rxd4 19.Rxd4 Bxd4 20.Qxd4+ Nef6 21.Qd2 Qa8 22.
Bb2 Rc8 23.Qe3 Re8 24.h3 Kg8 25.g4 f4 26.Qxf4 Bxe2 27.Re1 Bb5 28.g5 Nh5 
29.Qd4 Nf8 30.Bf3 e5 31.dxe6 Qxf3 32.Qh8# 1-0

[Event "100th DEN-ch"]
[Site "Svendborg DEN"]
[Date "2021.10.17"]
[Round "2.5"]
[White "Antonsen, Mikkel"]
[Black "Haubro, Martin"]
[Result "1/2-1/2"]
[WhiteElo "2409"]
[BlackElo "2426"]
[EventDate "2021.10.16"]
[PlyCount "75"]

1.c4 e6 2.Nc3 d5 3.d4 a6 4.cxd5 exd5 5.Bf4 Nf6 6.e3 Bd6 7.Qf3 Bxf4 8.Qxf4 
Nbd7 9.Bd3 Nf8 10.Nge2 Ne6 11.Qg3 g6 12.O-O O-O 13.Rad1 Ng7 14.f3 c6 15.e4
Be6 16.Kh1 Qb6 17.b3 Rae8 18.Qf2 Qc7 19.Bb1 Nd7 20.Qh4 f5 21.exd5 Bxd5 22.
Nf4 Qd6 23.Ncxd5 cxd5 24.Nd3 Re7 25.Qf4 Qxf4 26.Nxf4 Nf6 27.Rfe1 Rfe8 28.
Rxe7 Rxe7 29.Kg1 Ne6 30.Nxe6 Rxe6 31.Kf2 Rc6 32.Ke3 Kf7 33.Kf4 h6 34.h4 
Nh5+ 35.Ke5 Nf6 36.Kf4 Nh5+ 37.Ke5 Nf6 38.Kf4 1/2-1/2

[Event "100th DEN-ch"]
[Site "Svendborg DEN"]
[Date "2021.10.18"]
[Round "3.1"]
[White "Schandorff, Lars"]
[Black "Rasmussen, Allan Stig"]
[Result "0-1"]
[WhiteElo "2458"]
[BlackElo "2566"]
[EventDate "2021.10.16"]
[PlyCount "56"]

1.d4 f5 2.Nf3 Nf6 3.Bf4 d6 4.c4 e6 5.e3 Be7 6.h3 O-O 7.Nc3 Qe8 8.Be2 Nbd7 
9.Bh2 h6 10.Qc2 b6 11.O-O Kh8 12.e4 fxe4 13.Nxe4 Nh5 14.Bd3 Rxf3 15.gxf3 
Qf8 16.f4 d5 17.cxd5 exd5 18.Nc3 Nxf4 19.Kh1 Ne6 20.f4 Nxd4 21.Qf2 Nf5 22.
Nxd5 Bb7 23.Be4 Bc5 24.Qc2 Re8 25.Bg2 Qf7 26.Rad1 Bd4 27.Rxd4 Nxd4 28.Qc4 
c5 0-1

[Event "100th DEN-ch"]
[Site "Svendborg DEN"]
[Date "2021.10.18"]
[Round "3.2"]
[White "Fries-Nielsen, Jens Ove"]
[Black "Hansen, Sune Berg"]
[Result "1/2-1/2"]
[WhiteElo "2378"]
[BlackElo "2528"]
[EventDate "2021.10.16"]
[PlyCount "127"]

1.d4 Nf6 2.Nc3 d5 3.a3 e6 4.Bg5 Be7 5.e3 b6 6.Qf3 Bb7 7.Nge2 Nbd7 8.Qh3 a6
9.g4 c5 10.Bf4 g6 11.Ng3 Rc8 12.Bh6 cxd4 13.exd4 Bf8 14.Be2 Qe7 15.O-O 
Bxh6 16.Qxh6 Qf8 17.Qe3 Qd6 18.f4 O-O 19.h4 b5 20.g5 Ne8 21.Bd3 Ng7 22.h5 
Rfe8 23.Rae1 Kf8 24.Qf2 Nf5 25.Nce2 b4 26.axb4 Qxb4 27.b3 a5 28.Nxf5 exf5 
29.Ra1 Bc6 30.c3 Qb6 31.Rfb1 Re7 32.Ng3 Rce8 33.Bc2 Qc7 34.Bd3 Re3 35.Rd1 
Qb8 36.Rab1 Bb5 37.c4 Ba6 38.Nf1 R3e7 39.Qd2 Qc7 40.Rbc1 Qb8 41.Rb1 Kg8 
42.h6 Nf8 43.Nh2 Ne6 44.Rf1 Qa7 45.c5 Bxd3 46.Qxd3 Qb8 47.Qd2 Nxg5 48.fxg5
Qg3+ 49.Qg2 Qe3+ 50.Kh1 Qxd4 51.Rbd1 Qxc5 52.Qxd5 Qb6 53.Qd4 Qxd4 54.Rxd4 
Rb7 55.Rd3 f6 56.Nf3 Kf7 57.Rd6 Re6 58.Rfd1 Ke7 59.Rd8 Reb6 60.Rh8 Ke6 61.
Re8+ Kf7 62.Rh8 Ke6 63.Re8+ Kf7 64.Rh8 1/2-1/2

[Event "100th DEN-ch"]
[Site "Svendborg DEN"]
[Date "2021.10.18"]
[Round "3.3"]
[White "Haubro, Martin"]
[Black "Thybo, Jesper Soendergaard"]
[Result "0-1"]
[WhiteElo "2426"]
[BlackElo "2602"]
[EventDate "2021.10.16"]
[PlyCount "88"]

1.e4 c6 2.d4 d5 3.e5 c5 4.dxc5 e6 5.a3 Bxc5 6.b4 Be7 7.Qg4 g6 8.Bd3 a5 9.
b5 Nd7 10.Nf3 h5 11.Qf4 Nh6 12.a4 b6 13.O-O Bb7 14.Nc3 Qc7 15.Ne2 g5 16.
Nxg5 Qxe5 17.Qxe5 Nxe5 18.Bb2 Nxd3 19.cxd3 Rg8 20.f4 Nf5 21.Nd4 Bc5 22.Nf3
Rg4 23.Kh1 Rxf4 24.Nxf5 Rxf5 25.Ne5 Rxf1+ 26.Rxf1 f5 27.Rf3 h4 28.h3 Rc8 
29.d4 Bb4 30.Nd3 Bd6 31.Re3 Kd7 32.Re1 Rc2 33.Rd1 Bg3 34.Bc1 Rc4 35.Bf4 
Bxf4 36.Nxf4 Rxa4 37.Ng6 Kd6 38.Nxh4 Bc8 39.Nf3 Bd7 40.h4 Be8 41.Ng5 Bh5 
42.Rd3 Rb4 43.g3 e5 44.dxe5+ Kxe5 0-1

[Event "100th DEN-ch"]
[Site "Svendborg DEN"]
[Date "2021.10.18"]
[Round "3.4"]
[White "Borge, Nikolaj"]
[Black "Antonsen, Mikkel"]
[Result "0-1"]
[WhiteElo "2381"]
[BlackElo "2409"]
[EventDate "2021.10.16"]
[PlyCount "116"]

1.e4 e5 2.d4 exd4 3.Qxd4 Nc6 4.Qc4 Nf6 5.Nc3 Bb4 6.Bd2 b5 7.Qxb5 O-O 8.Qg5
d5 9.exd5 Re8+ 10.Nge2 Ne5 11.O-O-O Neg4 12.Be1 Bc5 13.Qf4 Ne3 14.Rd2 Nh5 
15.Qa4 Bd7 16.Qa6 Ng4 17.f3 Nf2 18.Bxf2 Bxf2 19.Kb1 Rb8 20.Nc1 Be1 21.Qd3 
Qf6 22.Nb3 Nf4 23.Qd4 Bxd2 24.Qxd2 Qe5 25.g3 Qe1+ 26.Qc1 Nh3 27.Ne4 Qb4 
28.a3 Qe7 29.Qd2 h6 30.Bg2 Ng5 31.Nec5 Bf5 32.g4 Bg6 33.h4 Qe2 34.Rd1 Nxf3
35.Qxe2 Rxe2 36.Bxf3 Bxc2+ 37.Kc1 Bxd1 38.Kxd1 Rxb2 39.Nd2 Ra2 40.a4 Rbb2 
41.Nce4 Ra1+ 42.Ke2 Rxa4 43.Kd3 a5 44.Nc3 Rf4 45.Bd1 Rbb4 46.Ndb1 h5 47.
gxh5 Rxh4 48.Na3 Rbd4+ 49.Kc2 Rh2+ 50.Kc1 Rh1 51.Nab5 Rhxd1+ 52.Nxd1 Rxd5 
53.Ndc3 Rxh5 54.Nxc7 Rh2 55.N7d5 g5 56.Ne4 Kg7 57.Kd1 a4 58.Ne3 a3 0-1

[Event "100th DEN-ch"]
[Site "Svendborg DEN"]
[Date "2021.10.19"]
[Round "4.1"]
[White "Rasmussen, Allan Stig"]
[Black "Rewitz, Poul"]
[Result "1-0"]
[WhiteElo "2566"]
[BlackElo "2264"]
[EventDate "2021.10.16"]
[PlyCount "55"]

1.c4 e6 2.Nf3 d5 3.d4 c6 4.e3 f5 5.Bd3 Nf6 6.O-O Bd6 7.b3 Qe7 8.Bb2 O-O 9.
Nc3 Ne4 10.Ne2 b6 11.Rc1 Bb7 12.Ne5 Bxe5 13.dxe5 Nd7 14.f3 Ng5 15.cxd5 
exd5 16.Nd4 Qxe5 17.Qe2 f4 18.Nf5 Qe8 19.Nxg7 Qxe3+ 20.Qxe3 fxe3 21.Nf5 
Rxf5 22.Bxf5 Nc5 23.Rfe1 Rf8 24.Bb1 Re8 25.Bd4 e2 26.Bxc5 Ba6 27.Bf2 c5 
28.Rc2 1-0

[Event "100th DEN-ch"]
[Site "Svendborg DEN"]
[Date "2021.10.19"]
[Round "4.2"]
[White "Antonsen, Mikkel"]
[Black "Thybo, Jesper Soendergaard"]
[Result "0-1"]
[WhiteElo "2409"]
[BlackElo "2602"]
[EventDate "2021.10.16"]
[PlyCount "98"]

1.c4 c5 2.Nf3 Nf6 3.Nc3 e6 4.g3 d5 5.cxd5 exd5 6.d4 Nc6 7.Bg2 cxd4 8.Nxd4 
Bc5 9.Nb3 Bb6 10.O-O d4 11.Na4 O-O 12.Nxb6 axb6 13.Bxc6 bxc6 14.Qxd4 Qc7 
15.Bg5 c5 16.Qf4 Qc6 17.Qf3 Nd5 18.e4 Nc7 19.Nd2 Ne6 20.Be3 Bb7 21.Qf5 
Rfd8 22.f3 Qb5 23.Qe5 Rd3 24.Rfe1 Re8 25.a4 Qd7 26.Nc4 Nd4 27.Qf4 Nc2 28.
Nxb6 Qd8 29.Bxc5 Nxa1 30.Rxa1 Rd1+ 31.Rxd1 Qxd1+ 32.Kg2 Ba6 33.g4 Bf1+ 34.
Kg3 Qe2 35.Bf2 Qxb2 36.g5 h6 37.h4 hxg5 38.hxg5 Qb3 39.Nd5 Bc4 40.Nb6 Be2 
41.Qe3 Qd1 42.Nd5 Bc4 43.Nf4 Re5 44.Nh5 f6 45.f4 Re8 46.Qc5 Bf7 47.Nxg7 
Kxg7 48.gxf6+ Kh8 49.Qf5 Qd3+ 0-1

[Event "100th DEN-ch"]
[Site "Svendborg DEN"]
[Date "2021.10.19"]
[Round "4.3"]
[White "Hansen, Sune Berg"]
[Black "Schandorff, Lars"]
[Result "1/2-1/2"]
[WhiteElo "2528"]
[BlackElo "2458"]
[EventDate "2021.10.16"]
[PlyCount "123"]

1.Nf3 d5 2.g3 Nf6 3.Bg2 c6 4.O-O Bf5 5.c4 e6 6.Qb3 Qb6 7.d3 Nbd7 8.cxd5 
Qxb3 9.axb3 exd5 10.Bd2 Bc5 11.b4 Bb6 12.Bc3 O-O 13.Nbd2 Rfe8 14.Rfe1 Re7 
15.Nb3 Rae8 16.Nfd4 Bg6 17.Kf1 Nf8 18.Bh3 Ne6 19.Nf5 Bxf5 20.Bxf5 Nc7 21.
Bxf6 gxf6 22.d4 Nb5 23.e3 Nd6 24.Bh3 f5 25.Nc5 Kg7 26.Re2 Kf6 27.Bg2 Kg7 
28.Bf3 Rd8 29.Rc2 Rde8 30.Be2 Rd8 31.Bd3 Rc8 32.Kg2 h6 33.Kf3 Kf6 34.Rac1 
Bd8 35.Na4 a6 36.Nc5 Rb8 37.h3 Ne4 38.g4 fxg4+ 39.hxg4 Nxc5 40.bxc5 Kg7 
41.Rh1 Re8 42.Bf5 Be7 43.Rcc1 Bf8 44.Rh5 Kf6 45.Rch1 Bg7 46.e4 dxe4+ 47.
Bxe4 Ke7 48.d5 cxd5 49.Bxd5 Kf8 50.b3 a5 51.Kg2 Red8 52.Rf5 Rd7 53.Bc4 
Rbd8 54.Rh3 Re7 55.Rhf3 Rdd7 56.Kh3 Rc7 57.Rd3 Red7 58.Rd6 Re7 59.Kh4 Re5 
60.Rd5 Rxf5 61.Rxf5 Bd4 62.f4 1/2-1/2

[Event "100th DEN-ch"]
[Site "Svendborg DEN"]
[Date "2021.10.19"]
[Round "4.4"]
[White "Chatalbashev, Boris"]
[Black "Haubro, Martin"]
[Result "1-0"]
[WhiteElo "2536"]
[BlackElo "2426"]
[EventDate "2021.10.16"]
[PlyCount "95"]

1.Nf3 d5 2.c4 e6 3.e3 Nf6 4.Nc3 c6 5.b3 Bd6 6.Bb2 Nbd7 7.Qc2 O-O 8.Rg1 Qe7
9.g4 Ba3 10.g5 Ne8 11.Bxa3 Qxa3 12.h4 Qd6 13.Bd3 g6 14.h5 e5 15.cxd5 cxd5 
16.hxg6 fxg6 17.Be2 Nb6 18.a4 Bf5 19.Qb2 Nc7 20.Qa3 Qe6 21.d4 e4 22.Ne5 
Nd7 23.Ng4 Rac8 24.Rc1 Kg7 25.Nh6 a5 26.Kd2 Na6 27.Bxa6 bxa6 28.Ne2 Nb6 
29.Nf4 Qd7 30.Rc5 Qe7 31.Qa1 Nd7 32.Nxd5 Qd6 33.Ke2 Rce8 34.Nc7 Re7 35.d5+
Re5 36.Rc6 Qb4 37.Qc3 Qxc3 38.Rxc3 Nb6 39.Nxf5+ Rfxf5 40.d6 Nd7 41.Rc6 Kg8
42.Rxa6 Rxg5 43.Rxg5 Rxg5 44.Nb5 Nf6 45.Rxa5 Rd5 46.Ra8+ Kf7 47.Ra7+ Kf8 
48.Rb7 1-0

[Event "100th DEN-ch"]
[Site "Svendborg DEN"]
[Date "2021.10.19"]
[Round "4.5"]
[White "Borge, Nikolaj"]
[Black "Fries-Nielsen, Jens Ove"]
[Result "1-0"]
[WhiteElo "2381"]
[BlackElo "2378"]
[EventDate "2021.10.16"]
[PlyCount "75"]

1.e4 d5 2.exd5 Qxd5 3.Nc3 Qe5+ 4.Nge2 Nf6 5.d4 Qa5 6.Bf4 Be6 7.b4 Qb6 8.a3
Bd7 9.h3 e6 10.Be5 a5 11.b5 a4 12.Qd3 Qa5 13.g4 c6 14.Bg2 cxb5 15.Bxb7 Ra7
16.Bf3 Nc6 17.O-O b4 18.axb4 Nxb4 19.Qc4 Qa6 20.Qxa6 Rxa6 21.g5 Nfd5 22.
Nxd5 exd5 23.c3 Nd3 24.Rfb1 Nxe5 25.Rb8+ Ke7 26.dxe5 f6 27.exf6+ gxf6 28.
Nf4 fxg5 29.Nxd5+ Kd6 30.Rd1 Ra7 31.Rd8 Kc5 32.Ne3 Be6 33.Re8 Re7 34.Ra8 
Bg7 35.Ra5+ Kb6 36.Rxa4 Rc8 37.Rd6+ Kc5 38.Rxe6 1-0

[Event "100th DEN-ch"]
[Site "Svendborg DEN"]
[Date "2021.10.20"]
[Round "5.1"]
[White "Haubro, Martin"]
[Black "Rasmussen, Allan Stig"]
[Result "0-1"]
[WhiteElo "2426"]
[BlackElo "2566"]
[EventDate "2021.10.16"]
[PlyCount "58"]

1.e4 e5 2.Nf3 Nc6 3.Bb5 Nf6 4.d3 d6 5.c3 Bd7 6.a4 g6 7.Nbd2 Bg7 8.Nf1 O-O 
9.Ng3 Qe8 10.a5 a6 11.Ba4 Rd8 12.O-O Kh8 13.Ne1 d5 14.exd5 Nxd5 15.Qb3 Bc8
16.Qc2 f5 17.Bg5 Rd6 18.Bd2 Qd8 19.Nf3 Nde7 20.d4 e4 21.Ne1 Nxa5 22.Bf4 
Re6 23.Bg5 h6 24.Bc1 Nd5 25.b4 Nc4 26.Bb3 Rc6 27.Ne2 Ncb6 28.Qb2 f4 29.f3 
Nxc3 0-1

[Event "100th DEN-ch"]
[Site "Svendborg DEN"]
[Date "2021.10.20"]
[Round "5.2"]
[White "Thybo, Jesper Soendergaard"]
[Black "Chatalbashev, Boris"]
[Result "1-0"]
[WhiteElo "2602"]
[BlackElo "2536"]
[EventDate "2021.10.16"]
[PlyCount "63"]

1.d4 Nf6 2.c4 g6 3.g3 c5 4.Nf3 Bg7 5.Bg2 O-O 6.Nc3 cxd4 7.Nxd4 Nc6 8.O-O 
Qa5 9.e3 d6 10.Bd2 Bg4 11.Nd5 Bxd1 12.Bxa5 Nxd5 13.Nxc6 bxc6 14.cxd5 Bc2 
15.Rac1 Bd3 16.Rfd1 Bxb2 17.Rxd3 Bxc1 18.dxc6 Rab8 19.c7 Rb1 20.Bf1 Ra1 
21.Rd1 h5 22.Bc3 Bb2 23.Rxa1 Bxa1 24.Ba5 Rc8 25.Ba6 Bc3 26.Bb6 Rxc7 27.
Bxc7 Bb4 28.Kf1 Kf8 29.Ke2 e6 30.Bd8 Bc3 31.Kd3 Be1 32.f3 1-0

[Event "100th DEN-ch"]
[Site "Svendborg DEN"]
[Date "2021.10.20"]
[Round "5.3"]
[White "Schandorff, Lars"]
[Black "Borge, Nikolaj"]
[Result "1/2-1/2"]
[WhiteElo "2458"]
[BlackElo "2381"]
[EventDate "2021.10.16"]
[PlyCount "61"]

1.d4 d5 2.c4 dxc4 3.e3 Nf6 4.Bxc4 e6 5.Nf3 c5 6.O-O a6 7.dxc5 Qxd1 8.Rxd1 
Bxc5 9.Be2 Nbd7 10.Nfd2 Ne5 11.Nb3 Bb6 12.Bd2 Ne4 13.Be1 Bd7 14.Nc3 Nf6 
15.Kf1 Ke7 16.e4 Rhc8 17.f3 Nc4 18.Bxc4 Rxc4 19.Bf2 Bxf2 20.Kxf2 e5 21.Nc1
Be6 22.Nd3 Nd7 23.Rd2 f6 24.Rad1 Nb6 25.Ne2 Rac8 26.b3 Rc2 27.Ke3 a5 28.
Rxc2 Rxc2 29.Rd2 Rc8 30.Rb2 a4 31.Kd2 1/2-1/2

[Event "100th DEN-ch"]
[Site "Svendborg DEN"]
[Date "2021.10.20"]
[Round "5.4"]
[White "Rewitz, Poul"]
[Black "Hansen, Sune Berg"]
[Result "0-1"]
[WhiteElo "2264"]
[BlackElo "2528"]
[EventDate "2021.10.16"]
[PlyCount "64"]

1.g3 e5 2.Nf3 d6 3.d4 Nd7 4.Bg2 g6 5.O-O Bg7 6.c4 Ngf6 7.Nc3 O-O 8.d5 a6 
9.h3 Qe7 10.Be3 Ne8 11.Rc1 h6 12.Qd2 Kh7 13.b4 f5 14.Rfd1 Ndf6 15.c5 Bd7 
16.Qc2 Nh5 17.cxd6 cxd6 18.Bb6 Rc8 19.Qb3 Nef6 20.b5 g5 21.bxa6 bxa6 22.
Qa3 g4 23.hxg4 Nxg4 24.Nb1 e4 25.Nd4 e3 26.fxe3 Nxg3 27.Nf3 Nxe2+ 28.Kf1 
Nxc1 29.Rxc1 Rxc1+ 30.Qxc1 Rb8 31.Ba7 Bb5+ 32.Kg1 Qxa7 0-1

[Event "100th DEN-ch"]
[Site "Svendborg DEN"]
[Date "2021.10.20"]
[Round "5.5"]
[White "Fries-Nielsen, Jens Ove"]
[Black "Antonsen, Mikkel"]
[Result "1-0"]
[WhiteElo "2378"]
[BlackElo "2409"]
[EventDate "2021.10.16"]
[PlyCount "85"]

1.Nf3 Nf6 2.g3 d5 3.Bg2 e6 4.c4 Be7 5.Qa4+ Bd7 6.Qc2 c5 7.Ne5 Nc6 8.Nxd7 
Qxd7 9.d3 d4 10.O-O h5 11.h3 e5 12.a3 h4 13.g4 Nh7 14.b4 g6 15.f4 exf4 16.
Bxf4 O-O 17.bxc5 Bg5 18.Nd2 Bxf4 19.Rxf4 Ng5 20.Ne4 Nxe4 21.Bxe4 Nd8 22.
Qd2 Ne6 23.Rf6 Qc7 24.Raf1 Qg3+ 25.Bg2 Kg7 26.R1f3 Qe5 27.Rf1 Qg3 28.R1f3 
Qe5 29.Rf1 Rae8 30.c6 bxc6 31.Bxc6 Re7 32.Kh1 Rb8 33.Bd5 Ng5 34.Bg2 Qe3 
35.Qe1 Rb2 36.Qxh4 Rxe2 37.R6f4 Qe5 38.Rf5 gxf5 39.Qxg5+ Kf8 40.gxf5 f6 
41.Qh6+ Rg7 42.Rg1 Re1 43.Bf1 1-0

[Event "100th DEN-ch"]
[Site "Svendborg DEN"]
[Date "2021.10.21"]
[Round "6.1"]
[White "Rasmussen, Allan Stig"]
[Black "Thybo, Jesper Soendergaard"]
[Result "0-1"]
[WhiteElo "2566"]
[BlackElo "2602"]
[EventDate "2021.10.16"]
[PlyCount "112"]

1.d4 Nf6 2.Nf3 e6 3.Bf4 d5 4.e3 Bd6 5.Nbd2 O-O 6.Bd3 c5 7.c3 Bxf4 8.exf4 
Qb6 9.Qc1 Qd6 10.g3 b6 11.O-O Ba6 12.Qc2 Bxd3 13.Qxd3 Nc6 14.a3 c4 15.Qc2 
b5 16.Ne5 a5 17.Rfb1 Rfb8 18.b3 Qc7 19.b4 Ne7 20.a4 axb4 21.Rxb4 Ne8 22.
Rab1 f6 23.Ng4 bxa4 24.Rxb8 Rxb8 25.Rxb8 Qxb8 26.Qxa4 Kf7 27.Qc2 h5 28.Ne3
Nd6 29.Kg2 h4 30.Qb1 Qh8 31.Qb6 h3+ 32.Kf1 Ndf5 33.Nxf5 Nxf5 34.Qb7+ Ne7 
35.Ke2 Qd8 36.Qa7 Qd6 37.Nf1 Qc6 38.Ne3 Qb5 39.Qa2 Nc8 40.f5 e5 41.Qd2 Ne7
42.g4 Qb1 43.dxe5 fxe5 44.Kf3 g6 45.Kg3 gxf5 46.gxf5 Qe4 47.Qd1 Kf6 48.
Kxh3 d4 49.cxd4 exd4 50.Nxc4 Nxf5 51.f3 Qe6 52.Qd3 Ne3+ 53.Kg3 Qxc4 54.
Qxc4 Nxc4 55.h4 Nd6 56.h5 Kg5 0-1

[Event "100th DEN-ch"]
[Site "Svendborg DEN"]
[Date "2021.10.21"]
[Round "6.2"]
[White "Hansen, Sune Berg"]
[Black "Haubro, Martin"]
[Result "1-0"]
[WhiteElo "2528"]
[BlackElo "2426"]
[EventDate "2021.10.16"]
[PlyCount "35"]

1.Nf3 d5 2.g3 Bg4 3.Bg2 Nd7 4.h3 Bh5 5.d4 e6 6.O-O Bd6 7.c4 c6 8.Nc3 Ngf6 
9.Qb3 Qc7 10.Nd2 Qb6 11.e4 Qxd4 12.cxd5 exd5 13.Qxb7 O-O 14.Qxc6 dxe4 15.
Ndxe4 Be5 16.Be3 Qd3 17.Rfc1 Rab8 18.Bf1 1-0

[Event "100th DEN-ch"]
[Site "Svendborg DEN"]
[Date "2021.10.21"]
[Round "6.3"]
[White "Fries-Nielsen, Jens Ove"]
[Black "Schandorff, Lars"]
[Result "1/2-1/2"]
[WhiteElo "2378"]
[BlackElo "2458"]
[EventDate "2021.10.16"]
[PlyCount "61"]

1.d4 Nf6 2.Nc3 d5 3.e3 e6 4.g4 Bb4 5.Bd2 b6 6.Bg2 Bb7 7.Nh3 O-O 8.Nf4 Bd6 
9.g5 Ne4 10.Bxe4 dxe4 11.Qg4 Nd7 12.Rg1 Qe7 13.O-O-O Bxf4 14.Qxf4 e5 15.
Qh4 f5 16.gxf6 Qxf6 17.Qg4 Rf7 18.Nxe4 Qf5 19.Ng5 Qxg4 20.Rxg4 Rxf2 21.Ne6
g6 22.Rh4 exd4 23.exd4 Nf6 24.Rf4 Rxf4 25.Bxf4 Nd5 26.Be5 c6 27.Nc7 Nxc7 
28.Bxc7 Rc8 29.Bg3 Re8 30.Kd2 Bc8 31.Re1 1/2-1/2

[Event "100th DEN-ch"]
[Site "Svendborg DEN"]
[Date "2021.10.21"]
[Round "6.4"]
[White "Antonsen, Mikkel"]
[Black "Chatalbashev, Boris"]
[Result "0-1"]
[WhiteElo "2409"]
[BlackElo "2536"]
[EventDate "2021.10.16"]
[PlyCount "132"]

1.c4 e5 2.Nc3 Nf6 3.Nf3 Nc6 4.e3 Be7 5.Qb3 O-O 6.Be2 Re8 7.O-O Bf8 8.d3 d6
9.Bd2 a6 10.Rac1 Rb8 11.h3 Bd7 12.a4 g6 13.Rfd1 Bg7 14.Be1 a5 15.Ng5 h6 
16.Nge4 Nh7 17.Nd5 b6 18.Bf1 Nf8 19.Nec3 Ne6 20.Nb5 Rb7 21.Qa2 h5 22.b4 
axb4 23.Nxb4 Qg5 24.Nd5 Ra8 25.Qc2 Qd8 26.Bc3 Nc5 27.Ra1 Ne7 28.Nxe7+ Qxe7
29.Bb2 c6 30.Nc3 Rba7 31.Ba3 h4 32.Bxc5 bxc5 33.Rab1 Qd8 34.e4 Qg5 35.Kh1 
Bf6 36.Qd2 Qxd2 37.Rxd2 Bd8 38.Rc2 Ba5 39.Na2 Kg7 40.Be2 f5 41.Bf3 Kf6 42.
Kg1 Ke7 43.Kf1 Kd8 44.Ke2 Kc7 45.Rcb2 Be6 46.Rg1 Rg8 47.Rc1 Rb7 48.Rxb7+ 
Kxb7 49.Kd1 Kc7 50.Nc3 Ra8 51.Kc2 Bxc3 52.Kxc3 Rxa4 53.Kb3 Ra8 54.Rg1 fxe4
55.Bxe4 g5 56.g3 d5 57.Bf3 e4 58.Be2 Rf8 59.gxh4 exd3 60.Bd1 dxc4+ 61.Kc3 
gxh4 62.Rg6 Bd5 63.Rg4 Rxf2 64.Rxh4 Rh2 65.Rh7+ Kb6 66.h4 Bf3 0-1

[Event "100th DEN-ch"]
[Site "Svendborg DEN"]
[Date "2021.10.22"]
[Round "7.1"]
[White "Thybo, Jesper Soendergaard"]
[Black "Hansen, Sune Berg"]
[Result "1/2-1/2"]
[WhiteElo "2602"]
[BlackElo "2528"]
[EventDate "2021.10.16"]
[PlyCount "93"]

1.d4 f5 2.g3 Nf6 3.Bg2 g6 4.Nd2 Bg7 5.e4 fxe4 6.Nxe4 Nxe4 7.Bxe4 d5 8.Bg2 
Nc6 9.c3 e5 10.dxe5 Nxe5 11.f4 Ng4 12.Qxd5 Qxd5 13.Bxd5 c6 14.Bf3 O-O 15.
h3 Re8+ 16.Ne2 Nf6 17.g4 Be6 18.Kf2 a5 19.Be3 Nd5 20.Bd2 a4 21.Rhe1 Bf7 
22.h4 Rad8 23.Rad1 Nb6 24.Be3 Nc4 25.Bc1 a3 26.b3 Nb2 27.Rxd8 Rxd8 28.Bxb2
axb2 29.Rb1 Bf6 30.g5 Be7 31.Rxb2 Bc5+ 32.Kg2 Rd3 33.b4 Be3 34.b5 cxb5 35.
Rxb5 b6 36.a4 Rd2 37.Kg3 Bc5 38.Nd4 Bc4 39.Rb1 Rd3 40.Rd1 Rxc3 41.Nc6 Rd3 
42.Ne5 Rxd1 43.Bxd1 Be6 44.h5 gxh5 45.Bxh5 Kg7 46.Be8 h6 47.gxh6+ 1/2-1/2

[Event "100th DEN-ch"]
[Site "Svendborg DEN"]
[Date "2021.10.22"]
[Round "7.2"]
[White "Schandorff, Lars"]
[Black "Antonsen, Mikkel"]
[Result "1-0"]
[WhiteElo "2458"]
[BlackElo "2409"]
[EventDate "2021.10.16"]
[PlyCount "125"]

1.d4 Nf6 2.Nf3 d5 3.Bf4 e6 4.e3 c5 5.c3 Bd6 6.Nbd2 O-O 7.Bg3 Qc7 8.dxc5 
Qxc5 9.Bd3 Nbd7 10.Qe2 e5 11.e4 dxe4 12.Bxe4 Re8 13.O-O-O Bf8 14.Bc2 a5 
15.Rhe1 Ra6 16.Qc4 e4 17.Nd4 Qxc4 18.Nxc4 Nc5 19.Nb5 Be6 20.Ncd6 Rd8 21.a4
Rb6 22.h3 Rd7 23.Be5 Ba2 24.Rd4 Rc6 25.Red1 Nb3+ 26.Bxb3 Bxb3 27.R1d2 Re7 
28.Bxf6 gxf6 29.Nf5 Re5 30.g4 Be6 31.Rd8 Bxf5 32.gxf5 Kg7 33.Nd4 Rc7 34.
Kd1 Be7 35.Rb8 Bc5 36.Ke2 Kh6 37.Rd8 Be7 38.Rg8 Bc5 39.Rg4 Bxd4 40.Rxd4 
Rce7 41.Ke3 Rxf5 42.Rdxe4 Re6 43.Rf4 Rxf4 44.Kxf4 Rb6 45.Re2 Kh5 46.Kg3 
Kg5 47.Rd2 f5 48.h4+ Kg6 49.f3 Kf6 50.Kf4 Rc6 51.Rd4 h6 52.Rd7 Rc4+ 53.Kg3
Rxa4 54.Rxb7 h5 55.Rb6+ Kg7 56.b4 axb4 57.cxb4 Ra3 58.Kf4 Rb3 59.b5 Rb4+ 
60.Kg5 f6+ 61.Kxh5 Rf4 62.Rb7+ Kf8 63.b6 1-0

[Event "100th DEN-ch"]
[Site "Svendborg DEN"]
[Date "2021.10.22"]
[Round "7.4"]
[White "Haubro, Martin"]
[Black "Borge, Nikolaj"]
[Result "1-0"]
[WhiteElo "2426"]
[BlackElo "2381"]
[EventDate "2021.10.16"]
[PlyCount "79"]

1.e4 c5 2.Nf3 Nc6 3.d4 cxd4 4.Nxd4 Nf6 5.Nc3 e6 6.Nxc6 bxc6 7.e5 Nd5 8.Ne4
Qc7 9.f4 Qb6 10.c4 Bb4+ 11.Ke2 f5 12.Nf2 Ne7 13.Nd3 Bc5 14.Nxc5 Qxc5 15.b3
Bb7 16.Be3 Qa3 17.Kf2 g5 18.Qd6 Qb2+ 19.Be2 gxf4 20.Bd4 Qc2 21.Rhc1 Qd2 
22.Rd1 Qa5 23.Bc5 Qd8 24.Rd3 Bc8 25.Kg1 Ng6 26.Bh5 Kf7 27.Rh3 Kg7 28.Rf1 
Qg5 29.Bxg6 Kxg6 30.Qd2 h5 31.Rxf4 h4 32.Bf2 d6 33.Qe3 dxe5 34.Qxe5 Rd8 
35.Bxh4 Rd1+ 36.Rf1 Rxf1+ 37.Kxf1 Qc1+ 38.Be1 Qc2 39.Rg3+ Kf7 40.Qc7+ 1-0